Beneficios y retos de Colombia en APEC (Registro nro. 184832)

Detalles MARC
000 -ENCABEZADO
Número de control [NR] 01405cam a2200301 a 4500
005 - FECHA Y HORA DE LA ÚLTIMA TRANSACCIÓN
control field 20140903175032.0
008 - DE LONGITUD FIJA DE DATOS DE ELEMENTOS - INFORMACIÓN GENERAL
Elementos de longitud fija [NR] 140217s2010 ck ad frn 000 0 spa d
020 ## - NUMERO INTERNACIONAL NORMALIZADO PARA LIBROS [R]
Número Internacional Normalizado del libro [NR] 9789587200591
040 ## - FUENTE DE CATALOGACION [NR]
Agencia de catalogación original [NR] CO-BoUCM
Idioma de catalogación [NR] spa
Quien Cataloga
Quien Clasifica
041 0# - CODIGO DE IDIOMA [R]
Código de idioma para texto/pista de sonido o título separado [R] Español
245 00 - MENCION DE TITULO [NR]
Título [NR] Beneficios y retos de Colombia en APEC
Mención de responsabilidad, etc. [NR] investigador principal Adriana Roldán Pérez; asistentes de investigación Camilo Pérez Restrepo, Jairo Alberto Jiménez Vivas, María del Mar Garza Agudelo
260 ## - PUBLICACION, DISTRIBUCION, ETC. (PIE DE IMPRENTA) [R]
Lugar de publicación, distribución, etc. [R] Medellín
Nombre del editor, distribuidor, etc. [R] Fondo Editorial Universidad EAFIT
-- Ministerio de Relaciones Exteriores de Colombia
Fecha de publicación, distribución, etc. [R] 2010
300 ## - DESCRIPCION FISICA [R]
Extensión [R] 297 páginas
Otros detalles físicos [NR] ilustraciones, gráficas y tablas
490 #0 - MENCION DE SERIE [R]
Mención de serie [R] Colección académica (Universidad EAFIT)
-- 56330
610 24 - ASIENTO SECUNDARIO DE MATERIA - NOMBRE CORPORATIVO [R]
Nombre corporativo o nombre de la jurisdicción como elemento de entrada [NR] Foro de Cooperación Económica de Asia Pacífico (APEC)
9 (RLIN) 56331
650 #7 - ASIENTO SECUNDARIO DE MATERIA - TERMINO TEMATICO [R]
Término temático o nombre geográfico como elemento de entrada [NR] Negociaciones comerciales
9 (RLIN) 20165
651 #4 - ASIENTO SECUNDARIO DE MATERIA - NOMBRE GEOGRAFICO [R]
Nombre geográfico [NR] América Latina
Subdivisión general [R] Tratados comerciales
-- Historia
9 (RLIN) 56335
651 #4 - ASIENTO SECUNDARIO DE MATERIA - NOMBRE GEOGRAFICO [R]
Nombre geográfico [NR] Asia
Subdivisión general [R] Política comercial
9 (RLIN) 56334
651 #4 - ASIENTO SECUNDARIO DE MATERIA - NOMBRE GEOGRAFICO [R]
Nombre geográfico [NR] Asia
Subdivisión general [R] Tratados comerciales
Subdivisión geográfica [R] América Latina
9 (RLIN) 56333
651 #4 - ASIENTO SECUNDARIO DE MATERIA - NOMBRE GEOGRAFICO [R]
Nombre geográfico [NR] Colombia
Subdivisión general [R] Tratados comerciales
9 (RLIN) 33588
690 ## - ASUNTO AGREGADO LOCAL DE ENTRADA - TÉRMINO TEMÁTICO (OCLC, RLIN)
9 (RLIN) 42757
Acceso temático local Comercio
700 1# - ASIENTO SECUNDARIO - NOMBRE PERSONAL [R]
Nombre personal [NR] Garza Agudelo, María del Mar
9 (RLIN) 56338
700 1# - ASIENTO SECUNDARIO - NOMBRE PERSONAL [R]
Nombre personal [NR] Jiménez Vivas, Jairo Alberto
9 (RLIN) 56337
700 1# - ASIENTO SECUNDARIO - NOMBRE PERSONAL [R]
Nombre personal [NR] Pérez Restrepo, Camilo
9 (RLIN) 56339
700 1# - ASIENTO SECUNDARIO - NOMBRE PERSONAL [R]
Nombre personal [NR] Roldán Pérez, Adriana
9 (RLIN) 56336
942 ## - ELEMENTOS DE ENTRADA AGREGADOS (KOHA)
Tema principal Economía
Tipo de ítem principal el descrito en 300a Libro
Edición 1
Parte restante de la signatura top. B464
Sistema de clasificación DEWEY
Clasificación 382.9
Existencias
Fecha de último préstamo Total préstamos Total Renewals Signatura topográfica Código de barras Última vez visto Ejemplar Costo de reposición Price effective from Tipo de ítem Perdido Sistema de clasificación Dañado No prestable Tipo de ítem específico Suprimido Ubicación habitual Ubicación actual Localización Fecha de creación Proveedor Forma de adquisición Costo
16/11/2018 6 3 382.9 B464 100138888 05/12/2025 Ej.1 26000.00 20/01/2014 Libro   DEWEY     Libro   Claustro Claustro Mezanine 20/01/2014 12 Donación 0.00